1617 1336 1247 1644 1978 1443 1069 1638 1321 1372 1534 1021 1015 1140 1839 1901 1361 1088 1407 1660 1618 1092 1862 1735 1046 1236 1056 1814 1485 1268 1081 1780 1406 1050 1601 1198 1812 1906 1021 1856 1748 1648 1350 1876 1415 1158 1314 1938 1807 1534 1698 1626 1023 1183 1173 1113 1131 1726 1223 1316 1747 1133 1413 1781 1059 1627 1046 1266 1786 1115 1489 1880 1991 1102 1207 1852 1894 1014 1056 1526 1109 1873 1406 1226 1589 1149 1572 1698 1635 1777 1219 1796 1613 1419 1606 1786 1098 1873 1798 BCNSPRNW ULIB Ver.6.0+V

เปลี่ยนเป็นภาษาไทย

Change to English
 แสดงรายละเอียดบรรณานุกรม
  กลับหน้าหลัก

Brief Record : Get Marc (ISO 2709) : E-mail record : QR code < ปิดหน้าต่าง
LEADER : 00000nam 2200000uu 4500
001    13399128667
003     ULIB
008    230928s||||||||th 000 0 tha d
020    ^a9786163920669
060    ^aWS440^bท468น
100    ^aทิพย์วรรณ แสวงศรี
245    ^aนิทานสร้างเสริมสุขนิสัยที่ดี สอนให้หนูรู้จักดูแลตนเองให้ปลอดภัยจากโรคมือเท้าปาก ติ๊ดตี่โรคมือเท้าปาก
250    ^aพิมพ์ครั้งที่ 1
260    ^aกรุงเทพฯ :^bโลกหนังสือ,^c2560
300    ^a10 หน้า;^c19 ซม.
650    ^aนิทานเด็ก
650    ^aเด็ก-พัฒนาการ
945    ^p60^l0^i30039
999    ^aกัณชพร จุลอักษร
รายการนี้ยังไม่มีแท็ก
คุณยังไม่ได้ล็อกอิน คุณสามารถมีกิจกรรมร่วมกับเว็บไซต์ได้ แต่ต้องล็อกอินก่อน ::
  ล็อกอิน

รายการสื่อสารสนเทศ

ลำดับที่ ประเภท เลขเรียก/บาร์โค้ด สถานที่ สถานะ
1. วิทยาศาสตร์การแพทย์ และสุขภาพ
วิทยาศาสตร์การแพทย์ และสุขภาพ
WS440 ท468น ฉ.1 
  Barcode: 30039
ห้องสมุดวิทยาเขตนครสวรรค์
►หนังสือทั่วไป:l:General Books
บนชั้น

รายการใกล้เคียง
    ชื่อเรื่อง [นิทานสร้างเสริมสุขนิสัยที่ดี สอนให้หนูรู้จักดูแลตนเองให้ปลอดภัยจากโรคมือเท้าปาก ติ๊ดตี่โรคมือเท้าปาก]

    ผู้แต่ง [ทิพย์วรรณ แสวงศรี]

    หัวเรื่อง [นิทานเด็ก]
    หัวเรื่อง [เด็ก-พัฒนาการ]

BibComment


ยังไม่เคยถูกคอมเมนท์

คอมเมนท์ทรัพยากรรายการนี้
  คอมเมนท์: นิทานสร้างเสริมส..


 Copyright 2026. Bcnsprnw @Library